[Event "Minsk op"]
[Site "Minsk"]
[Date "1996.??.??"]
[Round "8"]
[White "Shaplyko, Andrej"]
[Black "Mochalov, Evgeny Veniaminovic"]
[Result "0-1"]
[WhiteElo "2335"]
[BlackElo "2515"]
[PlyCount "114"]
[EventDate "1996.??.??"]
[EventType "swiss"]
[EventRounds "9"]
[EventCountry "BLR"]
[SourceTitle "EXT 2000"]
[Source "ChessBase"]
[SourceDate "1999.11.16"]
[SourceVersion "1"]
[SourceVersionDate "1999.11.16"]
[SourceQuality "1"]

1. e4 c5 2. Nf3 Nc6 3. d4 cxd4 4. Nxd4 e5 5. Nb5 d6 6. N1c3 a6 7. Na3 b5 8. Nd5 Nge7 9. Bg5 h6 10. Bxe7 Nxe7 11. c3 Nxd5 12. Qxd5 Rb8 13. Qc6+ Qd7 14. Qxd7+ Bxd7 15. Nc2 a5 16. Ne3 Bc6 17. Bd3 Be7 18. 0-0 Bg5 19. Nd5 Bxd5 20. exd5 Ke7 21. b3 Bd2 22. c4 b4 23. Rad1 Bc3 24. f4 Rbc8 25. Rf3 Rhf8 26. Rdf1 Bd4+ 27. Kh1 exf4 28. Rxf4 Be5 29. R4f3 h5 30. g3 g6 31. Kg2 f5 32. h3 Rh8 33. h4 Rhf8 34. Re3 Rc5 35. Bc2 Rfc8 36. Ref3 Rf8 37. R1f2 a4 38. Rf1 Kd7 39. R1f2 Kc7 40. Rf1 Kb6 41. Kf2 Re8 42. Re1 a3 43. Kg2 Rc7 44. Re2 Kc5 45. Kf1 Rce7 46. Bd1 Bd4 47. Rxe7 Rxe7 48. Kg2 Re4 49. Rd3 Be5 50. Kf3 Rd4 51. Rxd4 Kxd4 52. Be2 Kc3 53. g4 hxg4+ 54. Ke3 Bd4+ 55. Kf4 Kb2 56. Kg5 Kxa2 57. Kxg6 Kxb3 0-1

[Event "EU-ch U18"]
[Site "Zagan"]
[Date "1995.??.??"]
[Round "4"]
[White "Backlund, Anders"]
[Black "Shaplyko, Andrej"]
[Result "1/2-1/2"]
[WhiteElo "2185"]
[BlackElo "2385"]
[PlyCount "63"]
[EventDate "1995.??.??"]
[EventType "swiss"]
[EventRounds "11"]
[EventCountry "POL"]
[SourceTitle "EXT 1997"]
[Source "ChessBase"]
[SourceDate "1996.11.15"]
[SourceVersion "1"]
[SourceVersionDate "1996.11.15"]
[SourceQuality "1"]

1. e4 c5 2. Nf3 d6 3. d4 cxd4 4. Nxd4 Nf6 5. Nc3 a6 6. f4 Qc7 7. Nf3 Nbd7 8. Bd3 e6 9. 0-0 b5 10. Qe2 Bb7 11. Kh1 Rc8 12. a3 Be7 13. Bd2 0-0 14. Rae1 Nc5 15. b4 Nxd3 16. cxd3 Nd7 17. Rc1 Qb8 18. Qf2 Bf6 19. Qg3 Rfe8 20. Qh3 Rc6 21. d4 Nb6 22. e5 Be7 23. d5 Nxd5 24. Nxd5 exd5 25. Bc3 Bf8 26. Nd4 Rc4 27. Nf5 Kh8 28. exd6 f6 29. Nh6 d4 30. Nf7+ Kg8 31. Nh6+ Kh8 32. Nf7+ 1/2-1/2